00455nam a2200193 a 4500001001300000003000900013005001700022008004100039020001000080082001600090100001900106245001200125260003100137300000800168500003500176505001000211650002100221700001900242nice12345678IN_TiNIC20260116012931.0050524s0000 teha grp 000 0 per  ac10000a297.4bMUH2 aMuhreen, Abbas aTasawuf aTehranbGeelan Pressc0000 a84p aincludes index and biblioraphy2 aIndex aSufism-Doctrines1 aMuhreen, Abbas